[Event "35th European Club Cup 2019"]
[Site "Ulcinj"]
[Date "2019.11.14"]
[Round "5.19"]
[White "Harikrishna, Pentala"]
[Black "Edouard, Romain"]
[Result "1/2-1/2"]
[WhiteElo "2731"]
[BlackElo "2635"]
[Annotator "TA"]
[PlyCount "62"]
[EventDate "2019.11.10"]
[EventType "team-tourn"]
[EventCountry "MNE"]
[SourceTitle "playchess.com"]
[Source "ChessBase"]
[SourceQuality "1"]
[WhiteTeam "Novy Bor"]
[BlackTeam "KGSRL Gent"]

{[%evp 10,62,19,11,19,16,14,24,22,4,25,33,40,26,27,31,29,-25,-17,-28,-8,-37,-37,-37,-28,-37,-34,-34,-34,-34,-35,-40,-33,-38,-29,-41,-18,-20,-13,-13,-13,-18,-18,-25,-26,-24,-12,-12,-25,-25,-29,-34,-32,-32,-27]} 1. e4 e6 2. d4 d5 3. Nd2 c5 4. exd5 Qxd5 5. Ngf3 cxd4 6. Bc4 Qd7 {C07: French Tarrasch: 3...c5, 4 Ngf3 and 4 exd5 Qxd5} 7. O-O Nc6 8. Nb3 {[%cal Rb3d4]} Nf6 {White has an edge.} 9. Bb5 (9. Nbxd4 a6 10. a4 Nxd4 11. Nxd4 Qc7 12. Qe2 Bc5 13. Nf3 O-O 14. Bg5 b6 15. Bd3 Bb7 16. Bxf6 gxf6 17. Be4 Rfd8 18. Rad1 Kg7 19. g3 a5 20. Bxb7 Qxb7 {½-½ (41) Fedoseev,V (2718)-Ponomariov,R (2682) Hengshui 2019}) 9... a6 {[#]} 10. Ne5 $1 {[%mdl 512]} Qd5 (10... Nxe5 11. Bxd7+) 11. Bxc6+ $1 bxc6 {[%cal Bb7c6,Bc6c5][%mdl 32]} 12. Qxd4 Bb7 13. Nf3 $146 ({White should try} 13. Qc3) ({Predecessor:} 13. Be3 Qxg2+ 14. Kxg2 {0-1 (24) Dias,R (2119)-Pereira,A (2124) Lisbon 2017}) 13... Qxd4 $11 14. Nfxd4 c5 $36 {[%mdl 2048] Black has some pressure.} 15. Nf3 Bxf3 16. gxf3 c4 17. Na5 Rc8 18. b3 cxb3 19. cxb3 Nd5 20. Nc4 Bc5 21. Bd2 Ke7 22. Rfd1 Bd6 (22... Rhd8 {feels hotter.} 23. Rac1 Bb4 24. Be3 g6 25. Kg2 Rc7) 23. Rac1 Rhd8 24. Nxd6 Kxd6 25. Rc4 Rc6 26. Rh4 h6 27. Rg4 g5 28. h4 f6 29. hxg5 hxg5 30. f4 gxf4 31. Bxf4+ e5 {Accuracy: White = 61%, Black = 72%.} 1/2-1/2

[Event "35th European Club Cup 2019"]
[Site "Ulcinj"]
[Date "2019.11.14"]
[Round "5.19"]
[White "Heimann, Andreas"]
[Black "Warmerdam, Max"]
[Result "1-0"]
[WhiteElo "2617"]
[BlackElo "2501"]
[Annotator "TA"]
[PlyCount "61"]
[EventDate "2019.11.10"]
[EventType "team-tourn"]
[EventCountry "MNE"]
[SourceTitle "playchess.com"]
[Source "ChessBase"]
[SourceQuality "1"]
[WhiteTeam "Riehen SG"]
[BlackTeam "Apeldoorn"]

{[%evp 11,61,0,20,20,16,16,57,54,57,54,68,61,93,87,88,89,94,66,87,95,95,70,87,81,83,70,68,64,64,63,60,59,103,96,112,74,77,76,112,102,118,115,214,210,204,210,387,399,465,451,823,810]} 1. e4 e5 2. Nf3 Nc6 3. d4 exd4 4. Nxd4 Bc5 5. Nb3 Bb6 6. Nc3 Nge7 (6... Nf6 {feels hotter.} 7. Bd3 d6 8. O-O O-O 9. Bg5 h6) 7. Bf4 $146 {C45: Scotch Game} (7. Bg5 f6 8. Bh4 a5 9. Bb5 Ne5 10. f4 N5g6 11. Bg3 c6 12. Bc4 Bc7 13. Qf3 b5 14. Bd3 a4 {1-0 (37) Amin,B (2709)-Grandelius,N (2694) Astana 2019}) 7... d6 8. Qd2 a5 9. Bb5 {White is slightly better.} O-O 10. O-O-O Be6 11. Kb1 Na7 12. Ba4 Ng6 13. Bg3 Ne5 14. Nd5 Bxd5 15. exd5 Qf6 16. Qc3 ({Much weaker is} 16. Nxa5 $6 Nc8 $11) 16... Ng4 {Threatening ...Qxc3.} 17. Qxf6 Nxf6 18. Rhe1 Nh5 19. c3 Nxg3 20. fxg3 Rfd8 21. Re2 g6 22. Rf1 Rf8 23. Re7 Nc8 24. Rd7 Ra7 25. Nd2 Bc5 {Black wants to play ...Nb6.} 26. Rxc7 Nb6 {[#]} (26... b5 $16 27. Rxa7 Nxa7) 27. Bc6 $1 $18 Be3 28. Ne4 f5 $2 (28... Nc4 {was called for.}) 29. Nxd6 Bc5 30. Rxb7 Nc4 (30... Ra6 $142 31. Ne8 Nc4) 31. Nxc4 {Accuracy: White = 90%, Black = 44%.} 1-0

[Event "35th European Club Cup 2019"]
[Site "Ulcinj"]
[Date "2019.11.14"]
[Round "5.19"]
[White "Pruijssers, Roeland"]
[Black "Podlesnik, Bogdan"]
[Result "1-0"]
[WhiteElo "2557"]
[BlackElo "2342"]
[Annotator "ChessBase"]
[PlyCount "53"]
[EventDate "2019.11.10"]
[EventType "team-tourn"]
[EventCountry "MNE"]
[SourceTitle "playchess.com"]
[Source "ChessBase"]
[SourceQuality "1"]
[WhiteTeam "Echiquier Mosan"]
[BlackTeam "Prishtina"]
[TimeControl "40/5400+30:1800+30"]

1. e4 {[%emt 0:00:00]} c5 {[%emt 0:00:00]} 2. Nf3 {[%emt 0:00:00]} Nc6 {[%emt 0:00:00]} 3. Bb5 {[%emt 0:00:00]} e5 {[%emt 0:00:00]} 4. O-O {[%emt 0:01:16]} Nge7 {[%emt 0:00:06]} 5. c3 {[%emt 0:02:44]} g6 {[%emt 0:00:14]} 6. d4 {[%emt 0:02:56]} cxd4 {[%emt 0:00:26]} 7. cxd4 {[%emt 0:00:08]} exd4 {[%emt 0:00:06]} 8. Bf4 {[%emt 0:00:59]} Bg7 {[%emt 0:00:11]} 9. Bd6 {[%emt 0:00:14]} a6 {[%emt 0:00:30]} 10. Bd3 {[%emt 0:05:58]} b5 {[%emt 0:13:54]} 11. Nbd2 {[%emt 0:11:18]} Bb7 {[%emt 0:01:20]} 12. e5 {[%emt 0:00:23]} O-O {[%emt 0:12:35]} 13. Ne4 {[%emt 0:06:11]} Re8 {[%emt 0:01:38]} 14. Nc5 {[%emt 0:24:55]} Ra7 {[%emt 0:12:01]} 15. a4 {[%emt 0:09:21]} bxa4 {[%emt 0:02:29]} 16. Ng5 {[%emt 0:00:30]} Nf5 {[%emt 0:08:50]} 17. Bxf5 {[%emt 0:08:26]} Qxg5 {[%emt 0:00:45]} 18. f3 {[%emt 0:06:05]} Qh4 {[%emt 0:06:43]} 19. Bxd7 {[%emt 0:02:22]} Rd8 {[%emt 0:00:39]} 20. Qxa4 {[%emt 0:03:46]} Nb8 {[%emt 0:00:52]} 21. g3 Qh5 {[%emt 0:01:13]} 22. Qa5 {[%emt 0:02:10]} Rxd7 {[%emt 0:03:52]} 23. Bxb8 {[%emt 0:00:11]} Qh3 {[%emt 0:03:50]} 24. Rf2 {[%emt 0:00:07]} Ra8 {[%emt 0:00:15]} 25. e6 {[%emt 0:02:52]} Re7 {[%emt 0:00:45]} 26. Qd8+ {[%emt 0:01:28]} Bf8 {[%emt 0:00:26]} 27. Re1 {[%emt 0:07:49]} 1-0

[Event "35th European Club Cup 2019"]
[Site "Ulcinj"]
[Date "2019.11.14"]
[Round "5.20"]
[White "Fernandez, Daniel Howard"]
[Black "Vidit, Santosh Gujrathi"]
[Result "1/2-1/2"]
[WhiteElo "2444"]
[BlackElo "2722"]
[Annotator "TA"]
[PlyCount "119"]
[EventDate "2019.11.10"]
[EventType "team-tourn"]
[EventCountry "MNE"]
[SourceTitle "playchess.com"]
[Source "ChessBase"]
[SourceQuality "1"]
[WhiteTeam "KGSRL Gent"]
[BlackTeam "Novy Bor"]

{[%evp 14,119,49,42,41,0,0,0,0,0,0,0,0,0,0,-49,-51,-97,-108,-101,-119,-92,-106,-95,-94,-134,-121,-172,-42,-45,-41,-38,-30,-40,-31,-188,-175,-208,-203,-339,54,44,52,31,167,166,199,200,203,210,209,211,206,202,211,211,191,158,147,136,149,138,142,139,126,157,131,131,137,128,155,122,156,148,339,91,90,85,108,25,41,25,25,25,25,25,25,25,25,0,0,0,0,0,0,0,0,0,0,0,0,0,25,0,0,0,0,0]} 1. e4 c5 2. Nf3 d6 3. d4 cxd4 4. Nxd4 Nf6 5. Nc3 Nc6 6. Bg5 e6 7. Qd3 a6 8. O-O-O Bd7 {B62: Sicilian: Richter-Rauzer: 6...e6: Unusual White 7th moves} 9. Qg3 (9. Be2 h6 10. Bh4 Be7 11. f4 Rc8 12. Nxc6 Bxc6 13. f5 O-O 14. fxe6 fxe6 15. Bf3 Qa5 16. Kb1 Be8 17. Bg3 {0-1 (41) Kuipers,S (2470)-Maghsoodloo,P (2679) Wijk aan Zee 2019}) 9... h6 10. Be3 Nxd4 11. Rxd4 e5 12. Rb4 b5 13. Be2 Qc7 $146 ({Predecessor:} 13... Rc8 14. Bd2 g6 15. h4 {½-½ (51) Saxena,A (2271)-Horchler,P (2312) ICCF email 2011}) 14. Rd1 Rc8 15. a3 a5 $1 {[%cal Ra5b4]} 16. Rb3 {[#]} Nxe4 $1 {[%mdl 512]} 17. Qf3 (17. Nxe4 Qxc2#) 17... a4 (17... Nxc3 $6 18. Rxc3 Qb8 19. Rxc8+ Qxc8 20. Rd5 $14) 18. Qxe4 axb3 19. cxb3 Bc6 20. Qg4 (20. Qf5 $17 {keeps fighting.}) 20... d5 (20... h5 $1 $19 {[%cal Rh5g4]} 21. Qf5 g6) 21. Kb1 $1 $15 d4 22. Nxb5 Qd7 {aiming for ...Qxg4.} 23. Qg3 $1 {[%cal Rg3e5]} Qf5+ 24. Ka2 $2 (24. Ka1 $1 $15 Bd7 25. Bd2) 24... dxe3 $19 25. Na7 Ra8 $1 (25... exf2 26. Nxc8 Qxc8 27. Qxe5+ Be7 28. Qxg7 $11) 26. Bg4 (26. Qxe3 $142 Bxa3 27. bxa3) 26... e2 $2 (26... Qc2 $19 27. Qxe5+ Be7 28. Qxe3 Bxg2 29. Bd7+ Kf8) 27. Re1 $1 $14 Qf6 28. Nxc6 {[%mdl 64] Overworked Piece} Qxc6 (28... Bxa3 $1 $14 29. bxa3 Qxc6 30. Qxe5+ {[%mdl 64] Double Attack} Kf8) 29. Qxe5+ $18 Be7 {[#] White must now prevent ...Qc2!} 30. Bf3 $1 {[%cal Rf3c6][%mdl 576] Skewer} Qc8 31. Qxg7 Rf8 32. Bxa8 ({Worse is} 32. Rxe2 Ra6 $11) 32... Qxa8 33. Rxe2 Qc6 {[#]} 34. Qe5 $1 {[%csl Ge2][%cal Re5e7]} Qd7 35. Rc2 Rg8 36. f4 Kf8 {[#]} 37. Rc7 $1 f6 38. Qc3 ({But not} 38. Rxd7 $6 fxe5 39. fxe5 Rxg2 $11) 38... Qe6 39. Rc8+ Kf7 40. Rxg8 Kxg8 41. Qc4 Qf7 42. a4 Kg7 {[#]} 43. a5 $1 Bd6 $2 (43... Qe8 $16 44. Qc7 Kf8) 44. a6 $2 (44. Qxf7+ $18 {is the precise move to win.} Kxf7 45. a6) 44... Qe7 $16 45. g4 Bc5 46. f5 (46. Qd3 $16) 46... Qe3 47. b4 Bd4 48. Qc7+ Kf8 49. Qc2 Ke7 50. b5 Qf2 51. Qc7+ Ke8 {[%csl Gd4][%cal Rf2b2]} 52. Qc8+ Ke7 {[%csl Gd4][%cal Rf2b2]} 53. Qe6+ Kd8 {[%csl Gd4][%cal Rf2b2]} 54. Qd6+ Kc8 {[%csl Gd4][%cal Rf2b2]} 55. Qa3 Kd7 56. h4 Qc2 57. Qb4 Bc5 58. Qf4 Qd3 59. Qa4 {And now b6+ would win.} Qd5+ 60. Kb1 {Accuracy: White = 58%, Black = 69%.} 1/2-1/2

[Event "35th European Club Cup 2019"]
[Site "Ulcinj"]
[Date "2019.11.14"]
[Round "5.20"]
[White "Van Delft, Merijn"]
[Black "Renet, Olivier"]
[Result "1/2-1/2"]
[WhiteElo "2353"]
[BlackElo "2475"]
[Annotator "ChessBase"]
[PlyCount "58"]
[EventDate "2019.11.10"]
[EventType "team-tourn"]
[EventCountry "MNE"]
[SourceTitle "playchess.com"]
[Source "ChessBase"]
[SourceQuality "1"]
[WhiteTeam "Apeldoorn"]
[BlackTeam "Riehen SG"]
[TimeControl "40/5400+30:1800+30"]

1. e4 {[%emt 0:00:00]} e5 {[%emt 0:00:00]} 2. Nf3 {[%emt 0:00:00]} Nc6 {[%emt 0:00:02]} 3. Bb5 {[%emt 0:00:00]} a6 {[%emt 0:00:09]} 4. Ba4 {[%emt 0:00:00]} Nf6 {[%emt 0:00:09]} 5. O-O {[%emt 0:00:13]} Be7 {[%emt 0:00:05]} 6. Re1 {[%emt 0:00:14]} b5 {[%emt 0:00:25]} 7. Bb3 {[%emt 0:00:07]} d6 {[%emt 0:00:13]} 8. c3 {[%emt 0:00:10]} O-O {[%emt 0:00:08]} 9. h3 {[%emt 0:00:10]} Nb8 {[%emt 0:00:13]} 10. d4 {[%emt 0:00:18]} Nbd7 {[%emt 0:00:13]} 11. Nbd2 {[%emt 0:00:21]} Bb7 {[%emt 0:00:06]} 12. Bc2 {[%emt 0:00:35]} Re8 {[%emt 0:00:19]} 13. Nf1 {[%emt 0:00:14]} Bf8 {[%emt 0:00:15]} 14. Ng3 {[%emt 0:00:12]} g6 15. Bd2 {[%emt 0:00:57]} Bg7 {[%emt 0:07:15]} 16. Qc1 {[%emt 0:02:23]} d5 {[%emt 0:08:53]} 17. Bg5 {[%emt 0:00:30]} Qc8 {[%emt 0:13:35]} 18. Nxe5 {[%emt 0:09:04]} Nxe5 {[%emt 0:00:56]} 19. dxe5 {[%emt 0:02:16]} Nxe4 {[%emt 0:00:18]} 20. Bxe4 {[%emt 0:12:25]} dxe4 {[%emt 0:00:18]} 21. Nxe4 {[%emt 0:01:57]} Bxe4 {[%emt 0:09:33]} 22. Rxe4 {[%emt 0:00:27]} Qf5 {[%emt 0:00:49]} 23. Qe3 {[%emt 0:08:59]} Rxe5 {[%emt 0:00:35]} 24. Rxe5 {[%emt 0:01:02]} Qxe5 {[%emt 0:00:13]} 25. Qxe5 {[%emt 0:03:53]} Bxe5 {[%emt 0:00:05]} 26. Rd1 {[%emt 0:09:21]} Re8 {[%emt 0:04:37]} 27. Rd7 {[%emt 0:09:19]} Kg7 28. Kf1 {[%emt 0:05:09]} a5 {[%emt 0:08:13]} 29. Bd8 {[%emt 0:10:17]} c6 {[%emt 0:10:51]} 1/2-1/2

[Event "35th European Club Cup 2019"]
[Site "Ulcinj"]
[Date "2019.11.14"]
[Round "5.20"]
[White "Sadiku, Bedri"]
[Black "Burg, Twan"]
[Result "1/2-1/2"]
[WhiteElo "2220"]
[BlackElo "2536"]
[Annotator "ChessBase"]
[PlyCount "60"]
[EventDate "2019.11.10"]
[EventType "team-tourn"]
[EventCountry "MNE"]
[SourceTitle "playchess.com"]
[Source "ChessBase"]
[SourceQuality "1"]
[WhiteTeam "Prishtina"]
[BlackTeam "Echiquier Mosan"]
[TimeControl "40/5400+30:1800+30"]

1. e4 {[%emt 0:00:00]} c5 {[%emt 0:00:00]} 2. d3 {[%emt 0:00:19]} Nc6 {[%emt 0:01:25]} 3. g3 {[%emt 0:03:17]} e6 {[%emt 0:00:30]} 4. Bg2 {[%emt 0:00:21]} Nf6 {[%emt 0:00:53]} 5. Ne2 {[%emt 0:03:21]} d5 {[%emt 0:00:39]} 6. Nd2 {[%emt 0:00:59]} Be7 {[%emt 0:00:50]} 7. O-O {[%emt 0:00:28]} O-O {[%emt 0:00:25]} 8. h3 {[%emt 0:00:20]} b5 {[%emt 0:01:55]} 9. a4 {[%emt 0:01:54]} b4 {[%emt 0:00:32]} 10. b3 {[%emt 0:00:11]} Qb6 {[%emt 0:05:45]} 11. Bb2 {[%emt 0:10:50]} dxe4 {[%emt 0:05:04]} 12. Nxe4 {[%emt 0:00:24]} Nxe4 {[%emt 0:00:58]} 13. Bxe4 {[%emt 0:00:24]} e5 {[%emt 0:02:02]} 14. Bg2 {[%emt 0:01:12]} Bb7 {[%emt 0:16:12]} 15. Kh2 {[%emt 0:02:37]} Rad8 {[%emt 0:00:35]} 16. f4 {[%emt 0:04:26]} Bd6 {[%emt 0:01:54]} 17. Qe1 {[%emt 0:03:18]} f6 {[%emt 0:08:35]} 18. Qf2 {[%emt 0:02:10]} Nd4 {[%emt 0:02:10]} 19. Nxd4 {[%emt 0:05:02]} cxd4 {[%emt 0:00:07]} 20. Bxb7 {[%emt 0:03:14]} Qxb7 {[%emt 0:00:08]} 21. fxe5 Bxe5 {[%emt 0:00:15]} 22. Qg2 {[%emt 0:00:22]} Qc7 {[%emt 0:00:35]} 23. Rae1 {[%emt 0:02:24]} Rfe8 {[%emt 0:00:19]} 24. Re4 {[%emt 0:00:12]} Re6 {[%emt 0:05:45]} 25. Rf2 {[%emt 0:05:27]} Rc6 {[%emt 0:02:35]} 26. Ree2 {[%emt 0:02:37]} Rc5 {[%emt 0:09:06]} 27. Bc1 {[%emt 0:03:33]} a5 {[%emt 0:02:26]} 28. Bf4 {[%emt 0:00:30]} Rc8 {[%emt 0:02:08]} 29. Bxe5 {[%emt 0:00:26]} fxe5 {[%emt 0:00:53]} 30. Qf3 {[%emt 0:00:51]} h6 1/2-1/2

[Event "35th European Club Cup 2019"]
[Site "Ulcinj"]
[Date "2019.11.14"]
[Round "5.21"]
[White "Navara, David"]
[Black "Ris, Robert"]
[Result "0-1"]
[WhiteElo "2703"]
[BlackElo "2454"]
[Annotator "TA"]
[PlyCount "42"]
[EventDate "2019.11.10"]
[EventType "team-tourn"]
[EventCountry "MNE"]
[SourceTitle "playchess.com"]
[Source "ChessBase"]
[SourceQuality "1"]
[WhiteTeam "Novy Bor"]
[BlackTeam "KGSRL Gent"]

{[%evp 22,104,40,44,47,37,31,40,36,34,16,-41,-29,-32,-35,-31,-38,-391,-391,-614,-640,-639,-635,-743,-743,-743,-562,-562,-169,-179,-156,-204,-215,-215,-215,-245,-245,-244,-241,-204,-232,-231,-219,-321,-250,-278,-64,-319,-284,-830,-837,-1067,-703,-5281,-5057,-29958,-29961,-5097,-1605,-5173,-4134,-1914,-302,-949,-265,-29982,-29983,-29983,-29984,-29984,-29985,-29986,-29987,-29987,-29988,-29988,-29989,-29989,-29990,-29990,-29991,-29991,-29992,-29992,-29993]} 1. e4 c5 2. Nf3 e6 3. d4 cxd4 4. Nxd4 Nf6 5. Nc3 Nc6 6. Nxc6 bxc6 7. e5 Nd5 8. Ne4 Qc7 9. f4 Qb6 10. c4 Bb4+ 11. Ke2 f5 12. exf6 Nxf6 {B45: Sicilian Four Knights} 13. Be3 Qd8 14. Nd6+ Bxd6 {White is slightly better.} 15. Qxd6 Bb7 16. g4 $146 ({Better is} 16. Rd1 $11) (16. Kd1 c5 17. Bd3 Rc8 18. Kc2 Qb6 19. Qxb6 axb6 20. a4 Bxg2 {0-1 (43) Czarnota,P (2532)-Navara,D (2724) Katowice 2019}) 16... c5 $1 $15 17. Rg1 Ne4 $36 {[%mdl 2048] Black has the initiative.} 18. Qd3 Qh4 {White must now prevent ...0-0.} 19. Rd1 $2 {[%mdl 8192]} (19. Bg2 $1 $15 Qxg4+ 20. Bf3 Nc3+ 21. Qxc3 Qxf3+ 22. Kd2) 19... O-O $1 $19 {And now ...Rxf4! would win.} 20. h3 {[#]} (20. Bg2 $142 Rxf4 21. Bxe4 Bxe4 22. Qc3 Bf3+ 23. Kd3 Rxg4 24. Rxg4 Bxg4 25. Rg1) 20... Rxf4 $1 {[%mdl 512] ( -> ...Rf2+!)} 21. Qb3 {[#]} (21. Bxf4 Qf2#) 21... Bc6 {Played: Rf4-f2} 0-1

[Event "35th European Club Cup 2019"]
[Site "Ulcinj"]
[Date "2019.11.14"]
[Round "5.21"]
[White "Cvitan, Ognjen"]
[Black "Lammens, Tim"]
[Result "1/2-1/2"]
[WhiteElo "2490"]
[BlackElo "2258"]
[Annotator "TA"]
[PlyCount "88"]
[EventDate "2019.11.10"]
[EventType "team-tourn"]
[EventCountry "MNE"]
[SourceTitle "playchess.com"]
[Source "ChessBase"]
[SourceQuality "1"]
[WhiteTeam "Riehen SG"]
[BlackTeam "Apeldoorn"]

{[%evp 25,88,0,15,-14,0,0,28,23,37,29,14,25,24,0,0,0,0,0,0,0,41,0,1,9,4,4,0,-28,158,156,256,252,256,125,357,333,506,504,490,487,1460,1375,29988,247,29982,29983,29984,29985,29985,1462,1204,1207,1053,800,707,334,334,334,332,0,0,0,0,0,0]} 1. d4 Nf6 2. c4 e6 3. Nc3 Bb4 4. e3 O-O 5. Bd3 d5 6. Nf3 dxc4 7. Bxc4 c5 8. O-O cxd4 9. exd4 b6 10. Bg5 Bb7 11. Qe2 Bxc3 12. bxc3 Nbd7 13. Rac1 Qc7 14. Bh4 {E54: Nimzo-Indian: Rubinstein: Main Line: 7...dxc4 8 Bxc4} Nh5 {Threatens to win with ...Nf4.} 15. Bb5 $146 ({Predecessor:} 15. Bb3 Qf4 16. Bg3 Nxg3 17. hxg3 Qd6 18. Rfd1 Rac8 19. c4 Rfd8 20. Qe3 h6 21. c5 Qf8 {0-1 (43) Anikaev,Y (2426)-Peralta,F (2564) Sabadell 2010}) 15... a6 16. Bxd7 {White has an edge.} Qxd7 17. Ne5 $1 {[%cal Re5d7]} Qd5 {[%csl Gb7][%cal Rd5g2]} 18. f3 Rac8 19. Qd2 b5 20. Rfe1 f6 $36 {[%mdl 2048] Black has some pressure.} 21. Nd3 g5 22. Bg3 Ng7 23. Qb2 h5 24. h3 Nf5 25. Bf2 Rf7 26. Nc5 {[#]} Rxc5 $2 (26... g4 $1 $11 {[%mdl 512]} 27. Nxb7 (27. fxg4 Qxg2#) 27... gxh3) 27. dxc5 $16 g4 (27... Qc4 $16 28. Qb3 Bd5) 28. hxg4 hxg4 {Black wants to play ...g3.} 29. c4 (29. Rcd1 $18 {and the rest is easy.} Qc6 30. Qb4) 29... bxc4 $2 (29... Qc6 $16) 30. Red1 $18 Qc6 (30... Qe5 {was worth a try.} 31. Qxe5 fxe5 32. Rxc4 g3 33. Rg4+ Kf8 34. Bxg3 Nxg3 35. Rxg3 Bd5) 31. Rd8+ Kh7 32. Rxc4 gxf3 (32... Qc7 $142 33. Qb6 (33. fxg4 Qxd8 34. Qc2 {[%mdl 64] Pin} Bd5 $11) 33... g3 34. Bxg3 (34. Qxe6 Nh6 $18) 34... Qxb6 35. cxb6 Nxg3 36. Rh4+ Kg6 37. Rg8+ Kf5) 33. Qb4 Rg7 {[#]} 34. Rg4 $2 (34. Rh4+ $1 {[%mdl 512] mates} Kg6 {[#]} (34... Nxh4 35. Qxh4+) 35. Rf8 $1 {[%mdl 512]} Qe4 36. Rxe4 Rd7 37. Rxe6 Kh7 38. Rexf6 Rd1+ 39. Kh2 $1 {[%mdl 512]}) 34... Qc7 $2 {[#]} (34... fxg2 $18 35. Rb8 (35. Rxg7+ Nxg7 36. Rb8 Ba8 $18) 35... Rxg4 36. Qxg4 Qb5 37. Qg8+ Kh6 38. Qh8+ {[%mdl 64] Double Attack} (38. Kh2 Qf1 $11) 38... Kg5 39. Rg8+ Kf4 40. Qh2+ Ke4 41. Qxg2+ Kd3 42. Qf1+ Kc2 43. Qxb5 axb5) 35. Rh4+ $1 {[%mdl 512]} Nxh4 36. Qxh4+ {[%mdl 64] Double Attack} Kg6 37. Rf8 (37. Qg4+ $142 Kf7 38. Qh5+ Rg6 39. Rh8 Qe7 40. Rh7+ Kf8 41. Qxg6 Qxh7 42. Qxh7) 37... Qe5 38. Bd4 f2+ 39. Qxf2 Qg5 40. Rxf6+ (40. Qc2+ $142 f5 41. c6) 40... Kh7 {White must now prevent ...Qc1+.} 41. c6 {White wants to mate with Qc2+.} ({And not} 41. Rxe6 Qc1+ 42. Qe1 (42. Kh2 $2 Rxg2+ 43. Qxg2 Bxg2 $19) 42... Rxg2+ 43. Kf1 Qc4+ 44. Re2 Kg8 $17) 41... Qc1+ 42. Kh2 $2 ({Only move:} 42. Qf1 $18 Qxf1+ 43. Rxf1 Bxc6 44. Bxg7 Kxg7 45. Rb1) 42... Bxc6 $11 {The position is equal.} 43. Rf7 Qh6+ 44. Kg1 Qc1+ {Accuracy: White = 43%, Black = 30%.} 1/2-1/2

[Event "35th European Club Cup 2019"]
[Site "Ulcinj"]
[Date "2019.11.14"]
[Round "5.21"]
[White "Beerdsen, Thomas"]
[Black "Ademi, Sami"]
[Result "1-0"]
[WhiteElo "2468"]
[BlackElo "2162"]
[Annotator "ChessBase"]
[PlyCount "47"]
[EventDate "2019.11.10"]
[EventType "team-tourn"]
[EventCountry "MNE"]
[SourceTitle "playchess.com"]
[Source "ChessBase"]
[SourceQuality "1"]
[WhiteTeam "Echiquier Mosan"]
[BlackTeam "Prishtina"]
[TimeControl "40/5400+30:1800+30"]

1. e4 {[%emt 0:00:00]} c5 {[%emt 0:01:18]} 2. b4 {[%emt 0:00:00]} cxb4 {[%emt 0:00:46]} 3. a3 {[%emt 0:00:00]} bxa3 {[%emt 0:00:51]} 4. Nxa3 {[%emt 0:00:00]} d6 {[%emt 0:04:28]} 5. d4 {[%emt 0:00:44]} a6 {[%emt 0:00:30]} 6. f4 {[%emt 0:05:48]} g6 {[%emt 0:01:57]} 7. Nf3 {[%emt 0:00:31]} Bg7 {[%emt 0:00:14]} 8. Bd3 {[%emt 0:01:14]} Nc6 {[%emt 0:01:30]} 9. c3 {[%emt 0:00:20]} Nf6 {[%emt 0:01:42]} 10. O-O {[%emt 0:02:21]} O-O {[%emt 0:00:32]} 11. Qe1 {[%emt 0:01:38]} Qc7 {[%emt 0:06:11]} 12. e5 dxe5 {[%emt 0:00:43]} 13. fxe5 {[%emt 0:12:36]} Nd5 {[%emt 0:04:32]} 14. Ng5 {[%emt 0:04:41]} Nd8 {[%emt 0:20:54]} 15. Qh4 {[%emt 0:12:12]} h6 {[%emt 0:00:27]} 16. Ne4 {[%emt 0:01:08]} Kh7 {[%emt 0:00:18]} 17. c4 {[%emt 0:03:12]} Nb4 {[%emt 0:00:13]} 18. Bb1 {[%emt 0:01:21]} b5 {[%emt 0:05:21]} 19. Nf6+ {[%emt 0:03:48]} exf6 {[%emt 0:03:34]} 20. exf6 {[%emt 0:00:06]} Rh8 {[%emt 0:00:56]} 21. fxg7 {[%emt 0:00:36]} Kxg7 {[%emt 0:00:02]} 22. Bf4 {[%emt 0:01:26]} Qd7 {[%emt 0:02:41]} 23. Be5+ {[%emt 0:00:06]} Kg8 {[%emt 0:00:08]} 24. Qf6 {[%emt 0:00:28]} 1-0

[Event "35th European Club Cup 2019"]
[Site "Ulcinj"]
[Date "2019.11.14"]
[Round "5.22"]
[White "Lemmers, Oscar"]
[Black "Bartel, Mateusz"]
[Result "1/2-1/2"]
[WhiteElo "2346"]
[BlackElo "2636"]
[Annotator "TA"]
[PlyCount "64"]
[EventDate "2019.11.10"]
[EventType "team-tourn"]
[EventCountry "MNE"]
[SourceTitle "playchess.com"]
[Source "ChessBase"]
[SourceQuality "1"]
[WhiteTeam "KGSRL Gent"]
[BlackTeam "Novy Bor"]

{[%evp 16,64,16,-3,25,20,32,29,20,23,30,33,39,19,37,41,66,32,50,0,47,45,55,-55,-67,-56,-54,-118,-50,-54,0,0,0,0,9,14,31,34,36,45,66,65,69,29,43,35,62,35,86,85,129]} 1. e4 d6 2. d4 Nf6 3. Nc3 g6 4. Nf3 Bg7 5. Be3 Nc6 6. d5 Nb8 7. h3 c6 8. Be2 O-O 9. O-O cxd5 {B08: Pirc Defence: Classical System} (9... b6 10. dxc6 Nxc6 11. Nd4 Bb7 12. Qd2 Rc8 13. Rfe1 Ne5 14. f3 d5 15. exd5 Nxd5 16. Nxd5 Qxd5 17. b3 {0-1 (49) Hou,Y (2658)-Nakamura,H (2777) chess.com INT 2018}) 10. exd5 b6 11. Bc4 $146 ({Predecessor:} 11. Qd2 Re8 12. Bb5 Bd7 13. Bc4 Qc7 14. Qe2 a6 15. a4 Bc8 16. Rfd1 Bb7 17. Bd4 Nbd7 18. b4 Nh5 19. Bxg7 Kxg7 20. Qd3 Rac8 21. Bxa6 Bxa6 22. Qxa6 Qxc3 {0-1 (22) Wolke,R (1887)-Lezzerini,M (2086) Arco 2015}) 11... Bb7 {White has an edge.} 12. a4 Nbd7 13. Qe2 Rc8 14. Rad1 Qc7 15. b3 Qb8 16. Rd2 Qa8 17. Rfd1 a6 18. Bd4 Rfe8 19. Ne4 (19. Ng5 $14) 19... Nxe4 $15 20. Qxe4 e5 21. Ba1 (21. Bc3 $15) 21... Nc5 (21... Nf6 $17 22. Qh4 h6) 22. Qh4 Rc7 ({Black should play} 22... h6 $15) 23. Ng5 $1 $36 {[%mdl 2048] White is more active.} h6 24. Ne4 Nxe4 25. Qxe4 f5 26. Qe3 Rc5 $1 27. Bf1 Qd8 ({Don't blunder} 27... Bxd5 $2 {[#]} 28. Rxd5 $1 {[%mdl 512]} f4 29. Qe4 $18) 28. b4 Rc8 $1 29. Bb2 Kh7 30. c4 h5 {Black wants to play ...Bh6.} 31. Rc2 Bh6 ({Black should try} 31... f4 $14 32. Qe4 Rb8) 32. Qb3 $16 Rc7 {Accuracy: White = 66%, Black = 22%.} 1/2-1/2